000 05215nam a22005177a 4500
005 20080922101333.0
008 080922t xxu||||| |||| 00| 0 eng d
010 _aB-349156-178
020 _c680.00
_a9788178127040
035 _aB349156-178
037 _bRamesh Pub. House
040 _adpl
_bEnglish
082 _a000
100 _aJaiswal, Pankaj
245 _aR. Gupta's popular master guide Judicial Service Examination /
_cby Pankaj Jaiswal, Gyan Prakash [and] Akhilesh Kumar
260 _aNew Delhi
_bRamesh Publishing House
_c2009
270 _a12-H, New Darya Ganj Road, Opp. Traffic Kotwali
_bNew Delhi
_e110002
_k23261567, 23275224
_l011-23275124
_minfo@rameshpublishinghouse.com
300 _aVarious pagings
_c25cm (pbk)
700 _aGyan Prakash
700 _aAkhilesh Kumar
942 _2ddc
_cEN
_mJAI
_h000
999 _c24070
_d24070